Giáo trình linh kiện điện tử và ứng dụng /
Nội dung giáo trình gồm 5 chương:
Đã lưu trong:
| Príomhúdar: | |
|---|---|
| Formáid: | Leabhar |
| Teanga: | Vietnamese |
| Foilsithe: |
H. :
Giáo dục ,
2004
|
| Eagrán: | Tái bản lần thứ 2 |
| Ábhair: | |
| Clibeanna: |
Cuir Clib Leis
Gan Chlibeanna, Bí ar an gcéad duine leis an taifead seo a chlibeáil!
|
| Thư viện lưu trữ: | Thư viện Trường CĐ Kỹ Thuật Cao Thắng |
|---|
| LEADER | 01134nam a2200277 a 4500 | ||
|---|---|---|---|
| 001 | TVCDKTCT5199 | ||
| 003 | Thư viện trường Cao đẳng Kỹ thuật Cao Thắng | ||
| 005 | 20060504000000 | ||
| 008 | 060504 | ||
| 980 | \ | \ | |a Thư viện Trường CĐ Kỹ Thuật Cao Thắng |
| 024 | |a RG_1 #1 eb0 i1 i5 | ||
| 041 | 0 | # | |a vie |
| 082 | # | # | |a 621.3 / |b NG527NG-gi |
| 100 | 1 | # | |a Nguyễn Viết Nguyên |
| 245 | 0 | 0 | |a Giáo trình linh kiện điện tử và ứng dụng / |c Nguyễn Viết Nguyên |
| 250 | # | # | |a Tái bản lần thứ 2 |
| 260 | # | # | |a H. : |b Giáo dục , |c 2004 |
| 300 | # | # | |a 247tr. ; |c 24cm |
| 520 | # | # | |a Nội dung giáo trình gồm 5 chương: |
| 520 | # | # | |a Chương 1: Các linh kiện điện tử thụ động |
| 520 | # | # | |a Chương 2: Chất bán dẫn điện và Diot bán dẫn |
| 520 | # | # | |a Chương 3: Tranzito lưỡng cực (BJT) |
| 520 | # | # | |a Chương 4: Các cấu kiện bán dẫn khác |
| 520 | # | # | |a Chương 5: Vi điện tử |
| 650 | # | 4 | |a Linh kiện điện tử |
| 650 | # | 4 | |a Giáo trình |